000 00381nam a22001577a 4500
003 OSt
005 20171227111318.0
008 171227b xxu||||| |||| 00| 0 eng d
040 _aLB-BrCRDP
082 _a338.9 T587de
100 _aJan Tinbergen
245 _aDevelopment Planning
260 _aLondon
_bWorld University Library
_c1967
300 _a256p
_c19cm
942 _2ddc
_cBK
999 _c18328
_d18328